01066nam a2200265 a 450000100100000000500170001000800410002702000150006804000250008304100380010808200170014610000260016324000420018924501510023126000430038230000240042553400520044965000250050165000260052670000560055270000510060804900090065995201150066899900170078300002353920200930022307.0101210s2000 mx a r 000 | spa d a9684444702 aDO-SdBNPbspacBNPHU aenghspa2Código de idioma MARC a621.3bC655f1 aCogdell, J. R.94852710aFoundations of electronicslespañol10aFundamentos de electrónica /cJ.R. Cogdell; edición de José Luis Vázquez Chavarría; traducción Francisco José Rodríguez Ramírez. aMéxico D. F. :bPearson Hall,c2000. ax, 420 p. ;c21 cm. aTítulo original :tFoundations of electronics 4aElectrónica920556 4aEléctricidad9485281 aRodríguez Ramírez, Francisco Joséetr.9485291 aVázquez Chavarría, José Luiseed.947347 aBNGR 001050718MOaGRbGRcCTd2010-12-10iLF1l0o621.3 C655fp23539-10r2020-06-25w2020-06-25y1ZNo se presta c23035d23035